[Event "DVM U14 2011"]
[Site "Lingen (Ems) GER"]
[Date "2011.12.29"]
[Round "5"]
[White "Wendland, Tobias"]
[Black "Weinmann, Balduin"]
[Result "1-0"]
[Termination "normal"]
[Board "10.2"]
[WhiteElo "1621"]
[BlackElo "1116"]
[WhiteTeam "SV Backnang"]
[BlackTeam "Karlsruher SF 1853"]
[WhiteFideId "24662267"]
[EventCountry "GER"]
[EventRounds "7"]
[EventType "team-swiss"]
[EventDate "2011.12.26"]

1. d4 {[%emt 0:00:00]} d5 2. c4 e6 3. Nc3 Nf6 4. Nf3 Nc6 5. Bg5 Bb4 6. e3 b6 7.
a3 Bxc3+ 8. bxc3 Ba6 9. Qa4 Bb7 10. Ne5 Qd6 11. c5 bxc5 12. Bb5 Ne4 13. Bf4
Nxc3 14. Bxc6+ Bxc6 15. Qxc6+ Qxc6 16. Nxc6 O-O 17. dxc5 Ne4 18. Bxc7 Nxc5 19.
Bd6 Rfe8 20. Bxc5 a6 21. O-O Kh8 22. Rab1 Rac8 23. Rb6 a5 24. Rfb1 h6 25. Rb8
Rxb8 26. Rxb8 Rxb8 27. Nxb8 g5 28. Bb6 a4 29. Nd7 Kg7 30. Nc5 Kg6 31. Nxa4 f5
32. Nc5 Kf6 33. a4 f4 34. a5 Ke5 35. a6 fxe3 36. fxe3 d4 37. exd4+ Kxd4 38. a7
1-0

[Event "DVM U14 2011"]
[Site "Lingen (Ems) GER"]
[Date "2011.12.29"]
[Round "5"]
[White "Ospina Ocampo, Antonio"]
[Black "Maier, Lukas"]
[Result "0-1"]
[Termination "normal"]
[Board "10.3"]
[WhiteElo "934"]
[BlackElo "1503"]
[WhiteTeam "Karlsruher SF 1853"]
[BlackTeam "SV Backnang"]
[WhiteFideId "12946362"]
[BlackFideId "12946184"]
[EventCountry "GER"]
[EventRounds "7"]
[EventType "team-swiss"]
[EventDate "2011.12.26"]

1. e4 e5 2. Nf3 Nc6 3. Nc3 Bc5 4. Bc4 d6 5. O-O Bg4 6. h3 Bh5 7. d3 Nd4 8. g4
Bg6 9. Be3 Ne7 10. Na4 Nec6 11. Nxc5 dxc5 12. Nxd4 cxd4 13. Bd2 h5 14. g5 Qd7
15. Qf3 O-O-O 16. h4 Qg4+ 17. Qg3 Rdf8 18. Kg2 Qe2 19. Rad1 Bxe4+ 20. Kh2 Bf5
21. Rfe1 Qg4 22. f3 Qxg3+ 23. Kxg3 f6 24. a3 fxg5 25. Bxg5 a6 26. Re2 Kd7 27.
b4 Kd6 28. Rde1 b5 29. Ba2 Rh7 30. f4 exf4+ 31. Bxf4+ Kd7 32. Be6+ Bxe6 33.
Rxe6 Rhh8 34. R6e4 Rf7 35. Rc1 Rhf8 36. c3 dxc3 37. Rxc3 Rf6 38. Rc5 g6 39.
Rd5+ Kc8 40. Rc5 R8f7 41. Rc2 Kd7 42. Rd2 Ne7 43. Rd4+ Kc8 44. Re4 Nf5+ 45. Kg2
Nxh4+ 46. Kg3 Nf5+ 47. Kh3 Nd6 48. Bxd6 Rxd6 49. Re3 Rf5 50. d4 Kb7 51. Red3
Kb6 52. d5 a5 53. Kg3 axb4 54. axb4 c6 55. dxc6 Rxd3+ 56. Rxd3 Kxc6 57. Rd4 g5
58. Kh3 Rf4 59. Rd8 Rxb4 60. Rg8 Rg4 61. Rh8 b4 62. Rb8 Kc5 63. Rc8+ Kb5 64.
Rb8+ Ka4 65. Ra8+ Kb3 66. Rc8 Kb2 67. Rb8 b3 68. Rb7 Kc3 69. Rc7+ Rc4 70. Rf7
b2 71. Rf3+ Kc2 72. Rf2+ Kb1 73. Rf5 Rc3+ 74. Kg2 Ka2 75. Rf2 Ka1 0-1

[Event "DVM U14 2011"]
[Site "Lingen (Ems) GER"]
[Date "2011.12.29"]
[Round "5"]
[White "Zouani, Samir"]
[Black "Sirbu, Nikita"]
[Result "1-0"]
[Termination "normal"]
[Board "10.4"]
[WhiteElo "1360"]
[BlackElo "805"]
[WhiteTeam "SV Backnang"]
[BlackTeam "Karlsruher SF 1853"]
[WhiteFideId "12946206"]
[BlackFideId "12946370"]
[EventCountry "GER"]
[EventRounds "7"]
[EventType "team-swiss"]
[EventDate "2011.12.26"]

1. e4 e5 2. Bc4 Nf6 3. Nf3 Bc5 4. Nxe5 d5 5. exd5 Nxd5 6. Qf3 Be6 7. Nc3 c6 8.
Nxd5 cxd5 9. Bb5+ Kf8 10. O-O Qd6 11. Nd3 Bb6 12. Re1 Bc7 13. Ne5 h6 14. Ba4 b5
15. Bb3 a5 16. c3 a4 17. Bc2 Nc6 18. d4 b4 19. Bf4 Qe7 20. Nxc6 Qe8 21. Nxb4
Bxf4 22. Qxf4 a3 23. b3 Qc8 24. Qd6+ Kg8 25. Nc6 Qe8 26. Ne7+ Kf8 27. Ng6+ Kg8
28. Nxh8 Kxh8 29. Bf5 Rd8 30. Qe5 Rc8 31. Bxe6 fxe6 32. Qxe6 Qxe6 33. Rxe6 h5
34. Rc1 Rb8 35. Ra6 Re8 36. Kf1 Re4 37. Rxa3 Rh4 38. h3 g5 1-0

[Event "DVM U14 2011"]
[Site "Lingen (Ems) GER"]
[Date "2011.12.29"]
[Round "6"]
[White "Koop, Thorben"]
[Black "Kramer, Julian"]
[Result "1-0"]
[Termination "normal"]
[Board "1.1"]
[WhiteElo "2099"]
[BlackElo "2047"]
[WhiteTeam "SV Lingen 1959"]
[BlackTeam "Hamburger SK von 1830"]
[WhiteFideId "24661619"]
[BlackFideId "12921742"]
[EventCountry "GER"]
[EventRounds "7"]
[EventType "team-swiss"]
[EventDate "2011.12.26"]

1. Nf3 d5 2. g3 Nf6 3. Bg2 c6 4. O-O Bf5 5. d3 h6 6. c3 Nbd7 7. Qb3 Nc5 8. Qc2
e6 9. h3 Bd6 10. Be3 a5 11. Nbd2 O-O 12. a4 Ncd7 13. Rfb1 Qe7 14. Nf1 e5 15.
Rd1 e4 16. N3d2 exd3 17. exd3 c5 18. b3 Ne5 19. Nb1 c4 20. bxc4 dxc4 21. Qb2
Nxd3 22. Qxb7 Qe6 23. Na3 Bxa3 24. Rxa3 Bxh3 25. Bxh3 Qxh3 26. Bd4 Ng4 27. Qg2
Qh5 28. Raa1 Rfe8 29. Nd2 Nb2 30. Re1 Nd3 31. Re4 Qg6 32. Rxe8+ Rxe8 33. Nxc4
Re2 34. Qa8+ Kh7 35. Qf3 Ndxf2 36. Qxe2 Qh5 37. Bxf2 Qh2+ 38. Kf1 Nxf2 39. Qxf2
Qh1+ 40. Qg1 Qf3+ 41. Ke1 Qxc3+ 42. Kf2 Qc2+ 43. Kf3 1-0

[Event "DVM U14 2011"]
[Site "Lingen (Ems) GER"]
[Date "2011.12.29"]
[Round "6"]
[White "Hinrichs, Lars"]
[Black "Oehne, Timo"]
[Result "0-1"]
[Termination "normal"]
[Board "1.2"]
[WhiteElo "1900"]
[BlackElo "1809"]
[WhiteTeam "Hamburger SK von 1830"]
[BlackTeam "SV Lingen 1959"]
[WhiteFideId "12921769"]
[BlackFideId "24661635"]
[EventCountry "GER"]
[EventRounds "7"]
[EventType "team-swiss"]
[EventDate "2011.12.26"]

1. e4 c6 2. Nf3 d5 3. exd5 cxd5 4. Ne5 Nc6 5. d4 a6 6. Be3 Bf5 7. g4 Be4 8. f3
Bg6 9. Nxg6 hxg6 10. c3 e6 11. Bd3 Bd6 12. Qe2 Qc7 13. h3 Nf6 14. Nd2 Kd7 15.
Nb3 Rae8 16. O-O-O e5 17. dxe5 Rxe5 0-1

[Event "DVM U14 2011"]
[Site "Lingen (Ems) GER"]
[Date "2011.12.29"]
[Round "6"]
[White "Bach, Jannik"]
[Black "Sander, Jean Louis"]
[Result "1/2-1/2"]
[Termination "normal"]
[Board "1.3"]
[WhiteElo "1832"]
[BlackElo "1816"]
[WhiteTeam "SV Lingen 1959"]
[BlackTeam "Hamburger SK von 1830"]
[WhiteFideId "24615900"]
[BlackFideId "12903280"]
[EventCountry "GER"]
[EventRounds "7"]
[EventType "team-swiss"]
[EventDate "2011.12.26"]

1. e4 c5 2. Nf3 d6 3. Bb5+ Bd7 4. Bxd7+ Qxd7 5. c4 Nf6 6. Nc3 Nc6 7. d4 cxd4 8.
Nxd4 e6 9. h3 Be7 10. Be3 O-O 11. O-O Rac8 12. b3 a6 13. Rc1 Bd8 14. Nf3 Ba5
15. Qd3 Rfd8 16. Rfd1 Qe7 17. Bg5 h6 18. Bh4 Bb6 19. Qe2 Bc7 20. Qe3 Kf8 21.
Bg3 Nd7 22. Na4 b6 23. Rd2 Nc5 24. Nc3 Ne5 25. Rcd1 Nxf3+ 26. Qxf3 Rd7 27. e5
Rcd8 28. exd6 Bxd6 29. Bxd6 Rxd6 30. Rxd6 Rxd6 31. Rxd6 Qxd6 32. Ne4 Qc6 33.
Nxc5 Qxf3 34. Nxe6+ Ke7 35. gxf3 Kxe6 36. Kf1 Ke5 37. Ke2 Kd4 38. h4 a5 39. Kd2
g5 40. h5 f6 41. Kc2 f5 42. Kd2 g4 43. Ke2 Kc3 44. fxg4 fxg4 45. Ke3 Kb2 46.
Kd2 Kxa2 47. Kc2 Ka1 48. Kc1 Ka2 1/2-1/2

[Event "DVM U14 2011"]
[Site "Lingen (Ems) GER"]
[Date "2011.12.29"]
[Round "6"]
[White "Baberz, Alexander"]
[Black "Vonhoff, Nils"]
[Result "1/2-1/2"]
[Termination "normal"]
[Board "1.4"]
[WhiteElo "1765"]
[BlackElo "1787"]
[WhiteTeam "Hamburger SK von 1830"]
[BlackTeam "SV Lingen 1959"]
[WhiteFideId "12921734"]
[BlackFideId "24692301"]
[EventCountry "GER"]
[EventRounds "7"]
[EventType "team-swiss"]
[EventDate "2011.12.26"]

1. d4 Nf6 2. Nf3 g6 3. c4 Bg7 4. Nc3 d5 5. cxd5 Nxd5 6. Bd2 O-O 7. e4 Nxc3 8.
Bxc3 c6 9. Be2 Nd7 10. Qc2 Nf6 11. O-O Bd7 12. Ne5 Qb6 13. Nxd7 Nxd7 14. Rad1
e6 15. Kh1 Kh8 16. Bc4 Rac8 17. Qb3 Qxb3 18. Bxb3 Nf6 19. f3 Rfe8 20. Rfe1 Red8
21. f4 Rd7 22. Rd2 Rcd8 23. g3 b6 24. Ba4 b5 25. Bb3 a5 26. Bxa5 Rxd4 27. Rxd4
Rxd4 28. e5 Nd5 29. Rc1 Ne7 30. a3 Bf8 31. Bb4 Rd3 32. Bc2 Re3 33. Re1 Rxe1+
34. Bxe1 Nd5 35. Bd2 Bc5 36. Be4 Bd4 37. Bxd5 exd5 38. Bc3 Bxc3 39. bxc3 c5 40.
Kg2 Kg7 41. Kf3 h5 42. h3 f6 43. exf6+ Kxf6 44. g4 hxg4+ 45. hxg4 g5 46. f5 Ke5
47. Ke2 Kf6 48. Kd3 Ke5 49. Kc2 Kf6 50. Kb3 Ke5 51. a4 bxa4+ 52. Kxa4 d4 53.
Kb3 d3 54. c4 Kd4 55. f6 1/2-1/2

[Event "DVM U14 2011"]
[Site "Lingen (Ems) GER"]
[Date "2011.12.29"]
[Round "6"]
[White "Flüchter, Gregor"]
[Black "Schmücker, Felix"]
[Result "1/2-1/2"]
[Termination "normal"]
[Board "2.1"]
[WhiteElo "1916"]
[BlackElo "2062"]
[WhiteTeam "SF Brackel 30"]
[BlackTeam "BSG Grün-Weiß Leipzig"]
[WhiteFideId "12903396"]
[BlackFideId "12900273"]
[EventCountry "GER"]
[EventRounds "7"]
[EventType "team-swiss"]
[EventDate "2011.12.26"]

1. e4 c5 2. Nf3 e6 3. c3 d5 4. exd5 Qxd5 5. d4 Nf6 6. Be3 cxd4 7. cxd4 Nc6 8.
Nc3 Qd6 9. a3 Be7 10. Bd3 O-O 11. O-O a6 12. Rc1 b5 13. Ne4 Nxe4 14. Bxe4 Bb7
15. Qc2 Rac8 16. Bxh7+ Kh8 17. Qd3 g6 18. Bxg6 fxg6 19. Qxg6 Rf6 20. Qh5+ Kg7
21. Ne5 Rh8 22. Qg4+ Kf8 23. Bf4 Rg8 24. Qf3 Na5 25. Bh6+ Ke8 26. Qh5+ Kd8 27.
f3 Qd5 28. Nf7+ Ke8 29. Ne5+ Kd8 1/2-1/2

[Event "DVM U14 2011"]
[Site "Lingen (Ems) GER"]
[Date "2011.12.29"]
[Round "6"]
[White "Richter, Leonard"]
[Black "Birnkraut, Tim"]
[Result "1/2-1/2"]
[Termination "normal"]
[Board "2.2"]
[WhiteElo "1846"]
[BlackElo "1729"]
[WhiteTeam "BSG Grün-Weiß Leipzig"]
[BlackTeam "SF Brackel 30"]
[WhiteFideId "12900290"]
[BlackFideId "24609587"]
[EventCountry "GER"]
[EventRounds "7"]
[EventType "team-swiss"]
[EventDate "2011.12.26"]

1. e4 e5 2. Nf3 Nc6 3. d4 exd4 4. Nxd4 Nf6 5. Nxc6 bxc6 6. e5 Qe7 7. Qe2 Nd5 8.
c4 Ba6 9. b3 Qh4 10. Bb2 Bb4+ 11. Nd2 O-O 12. a3 Bxd2+ 13. Qxd2 Qe4+ 14. Qe2
Qxe2+ 15. Bxe2 Nf4 16. Bf1 Rab8 17. b4 d5 18. g3 Ng6 19. cxd5 Bxf1 20. Kxf1
cxd5 21. Rc1 Rfc8 22. Rc5 c6 23. Kg2 Rb5 24. Rhc1 Ne7 25. Bd4 a6 26. R5c3 a5
27. Bc5 Kf8 28. a4 axb4 29. axb5 bxc3 30. Rxc3 Ke8 31. b6 Rb8 32. Bxe7 Kxe7 33.
Rxc6 Rb7 34. Kf3 d4 35. Ke4 d3 36. Rc7+ Rxc7 37. bxc7 d2 38. c8=Q d1=Q 39. Qc7+
Ke8 40. Qc6+ Ke7 41. Qc5+ Ke8 42. h4 Qe2+ 43. Kd5 Qd3+ 44. Kc6 Qd7+ 45. Kb6
Qd8+ 46. Kb7 Qd7+ 47. Kb8 Qd3 48. f4 Qxg3 49. Kc7 g6 50. Qc6+ Kf8 51. Qd6+ Kg7
52. Qf6+ Kg8 53. Kd7 Qd3+ 54. Qd6 Qb5+ 55. Ke7 Qb7+ 56. Kf6 Qc8 57. Ke7 Qb7+
58. Kd8 Qa8+ 59. Kd7 Qb7+ 60. Qc7 Qd5+ 61. Kc8 Qa8+ 62. Kd7 Qd5+ 63. Qd6 Qb7+
64. Kd8 Qa8+ 65. Ke7 Qb7+ 66. Qd7 Qb4+ 67. Qd6 1/2-1/2

[Event "DVM U14 2011"]
[Site "Lingen (Ems) GER"]
[Date "2011.12.29"]
[Round "6"]
[White "Golosnyak, Alexander"]
[Black "Angrick, Philipp"]
[Result "1-0"]
[Termination "normal"]
[Board "2.3"]
[WhiteElo "1781"]
[BlackElo "1821"]
[WhiteTeam "SF Brackel 30"]
[BlackTeam "BSG Grün-Weiß Leipzig"]
[WhiteFideId "24659703"]
[BlackFideId "12912298"]
[EventCountry "GER"]
[EventRounds "7"]
[EventType "team-swiss"]
[EventDate "2011.12.26"]

1. e4 c5 2. Nf3 Nc6 3. d4 cxd4 4. Nxd4 g6 5. Nc3 Bg7 6. Be3 Nf6 7. Bc4 O-O 8.
Bb3 d6 9. f3 Nxd4 10. Bxd4 Be6 11. g4 Nd7 12. h4 Ne5 13. Be3 Nc4 14. Bxc4 Bxc4
15. Bd4 e5 16. Be3 Qa5 17. Qd2 Rad8 18. b3 Be6 19. Nd5 Qxd2+ 20. Kxd2 Bxd5 21.
exd5 b6 22. Rad1 f5 23. Rhe1 Rd7 24. c4 Rdf7 25. g5 f4 26. Bf2 Re8 27. a4 Rfe7
28. Kd3 h6 29. Re2 hxg5 30. hxg5 Bf8 31. Rh1 Rh7 32. Rxh7 Kxh7 33. b4 Bg7 34.
a5 bxa5 35. b5 Re7 36. Ra2 1-0

[Event "DVM U14 2011"]
[Site "Lingen (Ems) GER"]
[Date "2011.12.29"]
[Round "6"]
[White "Caprita, Victor"]
[Black "Trümper, Michael"]
[Result "1-0"]
[Termination "normal"]
[Board "2.4"]
[WhiteElo "1389"]
[BlackElo "1614"]
[WhiteTeam "BSG Grün-Weiß Leipzig"]
[BlackTeam "SF Brackel 30"]
[WhiteFideId "12946125"]
[BlackFideId "12946095"]
[EventCountry "GER"]
[EventRounds "7"]
[EventType "team-swiss"]
[EventDate "2011.12.26"]

1. d4 d5 2. c4 e6 3. Nc3 Nf6 4. Nf3 c6 5. Bf4 Bd6 6. Bg3 O-O 7. e3 Bb4 8. a3
Bxc3+ 9. bxc3 Ne4 10. Rc1 Qa5 11. Qb3 Nd7 12. Bd3 Nxg3 13. hxg3 h6 14. g4 Re8
15. cxd5 exd5 16. g5 hxg5 17. Nxg5 Qd8 18. Rh8+ Kxh8 19. Nxf7+ Kg8 20. Nxd8
Rxd8 21. Kd2 Nf6 22. f3 Rb8 23. Rh1 Kf7 24. e4 Be6 25. e5 Nd7 26. f4 Nb6 27. f5
Bd7 28. e6+ Bxe6 29. fxe6+ Kxe6 30. Re1+ Kf6 31. Qd1 Nc4+ 32. Kc2 g6 33. Qf3+
Kg7 34. Re7+ Kh6 35. Qf4+ g5 36. Rh7# 1-0

[Event "DVM U14 2011"]
[Site "Lingen (Ems) GER"]
[Date "2011.12.29"]
[Round "6"]
[White "Knopf, Felix"]
[Black "Glatzel, Jonas"]
[Result "0-1"]
[Termination "normal"]
[Board "3.1"]
[WhiteElo "1802"]
[BlackElo "1937"]
[WhiteTeam "SV Merseburg"]
[BlackTeam "SK Kspr. Iserlohn 1934"]
[WhiteFideId "24692204"]
[BlackFideId "12937800"]
[EventCountry "GER"]
[EventRounds "7"]
[EventType "team-swiss"]
[EventDate "2011.12.26"]

1. d4 {[%emt 0:00:00]} Nf6 2. Nf3 g6 3. c4 Bg7 4. Nc3 O-O 5. e4 d6 6. Be2 e5 7.
O-O Nc6 8. d5 Ne7 9. Ne1 Nd7 10. Be3 f5 11. f3 f4 12. Bf2 g5 13. b4 h5 14. Rc1
Nf6 15. c5 g4 16. cxd6 cxd6 17. Nb5 g3 18. hxg3 fxg3 19. Bxg3 Bh6 20. f4 Nxe4
21. Nc7 Nxg3 22. Nxa8 Nxf1 23. Kxf1 Bxf4 24. Rc3 Nf5 25. Nc2 Qh4 26. Rh3 Ne3+
27. Kg1 Bxh3 0-1

[Event "DVM U14 2011"]
[Site "Lingen (Ems) GER"]
[Date "2011.12.29"]
[Round "6"]
[White "Dröttboom, Tobias"]
[Black "Hoffmann, Dustin"]
[Result "0-1"]
[Termination "normal"]
[Board "3.2"]
[WhiteElo "1460"]
[BlackElo "1687"]
[WhiteTeam "SK Kspr. Iserlohn 1934"]
[BlackTeam "SV Merseburg"]
[WhiteFideId "12946133"]
[BlackFideId "1270566"]
[EventCountry "GER"]
[EventRounds "7"]
[EventType "team-swiss"]
[EventDate "2011.12.26"]

1. d4 Nf6 2. Nf3 g6 3. Bf4 Bg7 4. e3 d6 5. Bd3 Nbd7 6. Nbd2 c5 7. c3 O-O 8. O-O
a6 9. Bc4 b5 10. Bb3 c4 11. Bc2 Re8 12. Bg3 e5 13. dxe5 dxe5 14. Ne4 Qe7 15.
Nd6 Rd8 16. Nxc8 Raxc8 17. Qe2 e4 18. Nd4 Nh5 19. Rad1 Nxg3 20. hxg3 Nc5 21.
Rd2 Nd3 22. Bxd3 exd3 23. Qf3 Qf6 24. Qxf6 Bxf6 25. a3 Rc5 26. Rb1 h5 27. b4
Rcd5 28. Re1 Re8 29. Red1 Ra8 30. Ra2 a5 31. bxa5 Rxa5 32. Rdd2 Rd6 33. Ra1
Rda6 34. Rda2 Be7 35. Kf1 Bc5 36. Ke1 b4 37. axb4 Bxb4 38. Rxa5 Bxc3+ 39. Kd1
Rxa5 40. Rxa5 Bxa5 41. Nc6 Bc3 42. f3 Kg7 43. e4 Kf6 44. Na7 g5 45. Nb5 Bb4 46.
Nc7 Ke5 47. Nd5 Ba5 48. Ne3 Kd4 49. Nf5+ Kc3 50. Nd6 f6 51. Nb5+ Kb2 52. Nd6 c3
53. Nc4+ Kb1 54. Na3+ Ka2 55. Nc4 c2+ 56. Kc1 Bc3 57. f4 Kb3 0-1

[Event "DVM U14 2011"]
[Site "Lingen (Ems) GER"]
[Date "2011.12.29"]
[Round "6"]
[White "Dannenberg, Thomas"]
[Black "Handke, Moritz"]
[Result "0-1"]
[Termination "normal"]
[Board "3.4"]
[WhiteElo "1427"]
[BlackElo "1272"]
[WhiteTeam "SK Kspr. Iserlohn 1934"]
[BlackTeam "SV Merseburg"]
[BlackFideId "12946222"]
[EventCountry "GER"]
[EventRounds "7"]
[EventType "team-swiss"]
[EventDate "2011.12.26"]

1. e4 e5 2. Nf3 Nc6 3. Bc4 Bc5 4. d3 d6 5. Nc3 Nf6 6. Bg5 Bg4 7. h3 Bxf3 8.
Qxf3 Nd4 9. Qd1 c6 10. Na4 Bb6 11. c3 Ne6 12. Bxe6 fxe6 13. Nxb6 axb6 14. Qb3
d5 15. O-O-O O-O 16. Rhe1 Qc7 17. Be3 c5 18. Bg5 c4 19. dxc4 dxc4 20. Qb4 Rxa2
21. Kc2 Rfa8 22. Qd6 Qc6 23. Qxc6 bxc6 24. Rd6 Kf7 25. Rxc6 b5 26. Rc5 Rb8 27.
Kb1 Rba8 28. Kc2 Rb8 29. Kb1 Ra4 30. Bxf6 Kxf6 31. Re2 Ra7 32. Kc2 Rd7 33. Re3
b4 34. Rxc4 b3+ 35. Kc1 Ra8 36. Rf3+ Ke7 37. Rd4 exd4 0-1

[Event "DVM U14 2011"]
[Site "Lingen (Ems) GER"]
[Date "2011.12.29"]
[Round "6"]
[White "Lindner, Ferdinand"]
[Black "Peczely, Sebastian Zsombor"]
[Result "0-1"]
[Termination "normal"]
[Board "4.1"]
[WhiteElo "1628"]
[BlackElo "2031"]
[WhiteTeam "SV Medizin Erfurt"]
[BlackTeam "SG Leipzig"]
[WhiteFideId "1270769"]
[BlackFideId "750964"]
[EventCountry "GER"]
[EventRounds "7"]
[EventType "team-swiss"]
[EventDate "2011.12.26"]

1. e4 e5 2. Nf3 Nc6 3. Bc4 Bc5 4. c3 d6 5. d4 exd4 6. cxd4 Bb6 7. O-O Nf6 8.
Nc3 O-O 9. h3 Nxe4 10. Bxf7+ Rxf7 11. Nxe4 h6 12. Be3 Bd7 13. Kh2 Qf8 14. Ng3
Re8 15. a3 d5 16. Qc2 Qd6 17. Rfe1 a6 18. Rad1 Ref8 19. Ne5 Nxe5 20. dxe5 Qe6
21. Bxb6 cxb6 22. f3 Rf4 23. b3 Rh4 24. Qd3 Rxh3+ 25. gxh3 Qxh3+ 26. Kg1 Qxg3+
27. Kh1 Qh3+ 28. Kg1 Qg3+ 29. Kh1 Qh3+ 30. Kg1 Rxf3 31. Qxd5+ Be6 32. Qd8+ Kh7
0-1

[Event "DVM U14 2011"]
[Site "Lingen (Ems) GER"]
[Date "2011.12.29"]
[Round "6"]
[White "Knorre, Jonas"]
[Black "Kreyssig, Bruno"]
[Result "1/2-1/2"]
[Termination "normal"]
[Board "4.3"]
[WhiteElo "1728"]
[BlackElo "1646"]
[WhiteTeam "SV Medizin Erfurt"]
[BlackTeam "SG Leipzig"]
[WhiteFideId "24696900"]
[BlackFideId "4692489"]
[EventCountry "GER"]
[EventRounds "7"]
[EventType "team-swiss"]
[EventDate "2011.12.26"]

1. e4 c5 2. d4 cxd4 3. c3 dxc3 4. Nxc3 e6 5. Nf3 a6 6. Bc4 Ne7 7. Bg5 b5 8. Bb3
Bb7 9. e5 h6 10. Bh4 Qc7 11. O-O Nf5 12. Bg3 Nxg3 13. hxg3 Be7 14. Rc1 Nc6 15.
Qe2 O-O 16. Kh2 Rfd8 17. Rh1 d6 18. exd6 Rxd6 19. Ne4 Rd7 20. Nc5 Bxc5 21. Rxc5
Rad8 22. Rcc1 Qb6 23. Rhd1 Nd4 24. Nxd4 Rxd4 25. Qe3 Qd6 26. Kg1 Rd3 27. Rxd3
Qxd3 28. Rd1 Qxd1+ 29. Bxd1 Rxd1+ 30. Kh2 Bd5 31. b3 Ra1 32. Qd2 b4 33. Qb2 Re1
34. Qc2 a5 35. f3 Re3 36. Qd2 Rc3 37. g4 1/2-1/2

[Event "DVM U14 2011"]
[Site "Lingen (Ems) GER"]
[Date "2011.12.29"]
[Round "6"]
[White "Waschischeck, Tom"]
[Black "Nguyen, Ha Thanh"]
[Result "1/2-1/2"]
[Termination "normal"]
[Board "4.4"]
[WhiteElo "1464"]
[BlackElo "1139"]
[WhiteTeam "SG Leipzig"]
[BlackTeam "SV Medizin Erfurt"]
[WhiteFideId "12931780"]
[BlackFideId "12942154"]
[EventCountry "GER"]
[EventRounds "7"]
[EventType "team-swiss"]
[EventDate "2011.12.26"]

1. e4 c5 2. Nf3 Nc6 3. Bb5 g6 4. O-O Bg7 5. c3 Nf6 6. Re1 O-O 7. d3 d6 8. h3
Bd7 9. Ba4 Qc7 10. d4 cxd4 11. cxd4 a6 12. Bxc6 Bxc6 13. d5 Bd7 14. Nc3 Rac8
15. Be3 b5 16. Rc1 Qb8 17. Bd4 Rfd8 18. Nh2 Nh5 19. Bxg7 Kxg7 20. Qd4+ Kg8 21.
Ng4 Bxg4 22. hxg4 Nf6 23. g5 Nd7 24. b3 a5 25. Ne2 Rxc1 26. Rxc1 Rc8 27. Qb2
Ne5 28. Nd4 Rxc1+ 29. Qxc1 Qb7 30. Qe1 b4 31. Qc1 Kf8 1/2-1/2

[Event "DVM U14 2011"]
[Site "Lingen (Ems) GER"]
[Date "2011.12.29"]
[Round "6"]
[White "Röhlich, Philipp"]
[Black "Sabirov, Ramil"]
[Result "0-1"]
[Termination "normal"]
[Board "5.1"]
[WhiteElo "1734"]
[BlackElo "1720"]
[WhiteTeam "SG Trier"]
[BlackTeam "SG Porz"]
[WhiteFideId "24692832"]
[BlackFideId "12900303"]
[EventCountry "GER"]
[EventRounds "7"]
[EventType "team-swiss"]
[EventDate "2011.12.26"]

1. e4 c5 2. Nf3 e6 3. d3 Nc6 4. g3 Nge7 5. Bg2 g6 6. Bf4 d6 7. Nc3 Bg7 8. Qe2
Nd4 9. Qd2 O-O 10. O-O e5 11. Bh6 Bd7 12. Bxg7 Kxg7 13. Nxd4 cxd4 14. Ne2 Rc8
15. c4 b5 16. b3 Qb6 17. Qg5 f6 18. Qd2 Rb8 19. f4 bxc4 20. bxc4 Qb2 21. Qxb2
Rxb2 22. Nc1 a5 23. Rf2 Rfb8 24. Nb3 Rxf2 25. Kxf2 a4 26. Nd2 Rb2 27. Ke1 Nc6
28. Rb1 Rxb1+ 29. Nxb1 Nb4 30. Kd2 Nxa2 31. fxe5 dxe5 32. Bf1 Nb4 33. Na3 Kh6
34. Kc1 Kg5 35. Be2 Bg4 36. Bf1 Bf3 37. Nc2 Nxc2 38. Kxc2 f5 39. exf5 gxf5 40.
Bh3 e4 0-1

[Event "DVM U14 2011"]
[Site "Lingen (Ems) GER"]
[Date "2011.12.29"]
[Round "6"]
[White "Brungs, Sven"]
[Black "Bauer, Lukas"]
[Result "1/2-1/2"]
[Termination "normal"]
[Board "5.2"]
[WhiteElo "1516"]
[BlackElo "1640"]
[WhiteTeam "SG Porz"]
[BlackTeam "SG Trier"]
[WhiteFideId "12946257"]
[BlackFideId "12907715"]
[EventCountry "GER"]
[EventRounds "7"]
[EventType "team-swiss"]
[EventDate "2011.12.26"]

1. d4 d5 2. Nf3 Nf6 3. c4 c6 4. Qc2 e6 5. e3 Nbd7 6. Nbd2 Be7 7. Bd3 O-O 8. O-O
c5 9. b3 b6 10. Bb2 Bb7 11. Rfe1 Rc8 12. e4 dxe4 13. Nxe4 Nxe4 14. Bxe4 Bxe4
15. Qxe4 Bf6 16. Rad1 Qc7 17. Rd2 cxd4 18. Bxd4 a6 19. Qe2 Qb7 20. Ne5 Nxe5 21.
Bxe5 Bxe5 22. Qxe5 Rfd8 23. Red1 Rxd2 24. Rxd2 h6 25. Rd3 Rc5 26. Rd8+ Kh7 27.
Qd4 Rg5 28. Qd3+ g6 29. g3 Rc5 30. Qd4 e5 31. Qd7 Qxd7 32. Rxd7 Kg7 33. Ra7 b5
34. Rxa6 bxc4 35. bxc4 Rxc4 36. a4 Rc7 37. a5 Kf8 38. Ra8+ Ke7 39. a6 Kd6 40.
Kg2 Kc6 41. Kf3 Kb6 42. Ke4 1/2-1/2

[Event "DVM U14 2011"]
[Site "Lingen (Ems) GER"]
[Date "2011.12.29"]
[Round "6"]
[White "Kim, Yun-Ghi"]
[Black "Yang, Daniel"]
[Result "0-1"]
[Termination "normal"]
[Board "5.3"]
[WhiteElo "1784"]
[BlackElo "1263"]
[WhiteTeam "SG Trier"]
[BlackTeam "SG Porz"]
[WhiteFideId "12925888"]
[BlackFideId "12946273"]
[EventCountry "GER"]
[EventRounds "7"]
[EventType "team-swiss"]
[EventDate "2011.12.26"]

1. d4 Nf6 2. Nf3 e6 3. g3 d5 4. Bg2 Nbd7 5. O-O Be7 6. c4 O-O 7. Nbd2 b6 8. b3
Bb7 9. Bb2 dxc4 10. Nxc4 c5 11. Rc1 Rc8 12. e3 cxd4 13. Bxd4 Nc5 14. Qe2 Nfd7
15. Rfd1 Qc7 16. Nce5 Nxe5 17. Bxe5 Bxf3 18. Qb2 Qb7 19. Bxf3 Qxf3 20. Bxg7
Rfd8 21. Rd4 Rxd4 22. Qxd4 Rd8 23. Qa1 Qg4 24. Bh6 Qg6 25. Bf4 Bf6 26. Be5 Bxe5
27. Qxe5 Nd3 28. Qc7 Nxc1 29. Qxd8+ Kg7 30. Qd4+ Qf6 31. Qg4+ Kh8 32. Qb4 h6
33. Qa4 Nd3 34. f3 Qa1+ 35. Kg2 Qb2+ 36. Kh3 Nf2+ 37. Kh4 Qf6+ 0-1

[Event "DVM U14 2011"]
[Site "Lingen (Ems) GER"]
[Date "2011.12.29"]
[Round "6"]
[White "Touet, Marian"]
[Black "Bach, Marc-Andre"]
[Result "0-1"]
[Termination "normal"]
[Board "5.4"]
[WhiteElo "1119"]
[BlackElo "1714"]
[WhiteTeam "SG Porz"]
[BlackTeam "SG Trier"]
[BlackFideId "1270773"]
[EventCountry "GER"]
[EventRounds "7"]
[EventType "team-swiss"]
[EventDate "2011.12.26"]

1. d4 d5 2. Nf3 Nf6 3. c4 c6 4. cxd5 cxd5 5. Nc3 Bg4 6. e3 Nc6 7. Be2 e6 8. O-O
Be7 9. h3 Bh5 10. Bd2 O-O 11. Rc1 Rc8 12. a3 a6 13. Na4 Na7 14. b4 Ne4 15. Nc5
Nxc5 16. bxc5 Nc6 17. Qb3 Rb8 18. Rb1 e5 19. g4 Bg6 20. Rb2 exd4 21. exd4 Bf6
22. Be3 Be4 23. Rd1 Qd7 24. Qb6 h5 25. g5 Qxh3 26. gxf6 Qg4+ 27. Kf1 Bxf3 28.
Bxf3 Qxf3 29. Rbb1 Qxf6 30. Qc7 Rfe8 31. Ke2 Re7 32. Qd6 Qh4 33. Rb4 Rbe8 34.
Ra4 Rd8 35. Qg3 Qxg3 36. fxg3 Rde8 37. Rd3 Re4 38. Kf2 h4 39. gxh4 Rxh4 0-1